Significant laws, rules and regulations, and standards in nursing practice (Record no. 1181)
[ view plain ]
| 000 -LEADER | |
|---|---|
| fixed length control field | 00713nam a22001937a 4500 |
| 005 - DATE AND TIME OF LATEST TRANSACTION | |
| control field | 20230512221209.0 |
| 008 - FIXED-LENGTH DATA ELEMENTS--GENERAL INFORMATION | |
| fixed length control field | 180131t xxu||||| |||| 00| 0 eng d |
| 020 ## - INTERNATIONAL STANDARD BOOK NUMBER | |
| International Standard Book Number | 9789715845922 |
| 040 ## - CATALOGING SOURCE | |
| Transcribing agency | CSPC |
| 082 0# - DEWEY DECIMAL CLASSIFICATION NUMBER | |
| Classification number | 344.5990414 |
| Item number | D350s |
| 100 ## - MAIN ENTRY--PERSONAL NAME | |
| Personal name | De Belen, Rustico T., |
| Relator term | author. |
| 245 00 - TITLE STATEMENT | |
| Title | Significant laws, rules and regulations, and standards in nursing practice |
| Statement of responsibility, etc. | Rustico T. De Belen |
| 260 ## - PUBLICATION, DISTRIBUTION, ETC. | |
| Place of publication, distribution, etc. | Quezon City : |
| Name of publisher, distributor, etc. | C & E Publishing. |
| Date of publication, distribution, etc. | 2007. |
| 300 ## - PHYSICAL DESCRIPTION | |
| Extent | xiii, 566 pages : |
| Other physical details | tables, |
| Dimensions | 22 cm. |
| 650 10 - SUBJECT ADDED ENTRY--TOPICAL TERM | |
| Topical term or geographic name entry element | Nursing |
| General subdivision | Law and legislation |
| Geographic subdivision | Philippines. |
| 942 ## - ADDED ENTRY ELEMENTS (KOHA) | |
| Koha item type | |
| -- | FIL 344.5990414 D350s 2007 |
| Withdrawn status | Lost status | Damaged status | Not for loan | Home library | Current library | Shelving location | Date acquired | Total Checkouts | Full call number | Barcode | Date last seen | Copy number | Price effective from | Koha item type | Date last checked out |
|---|---|---|---|---|---|---|---|---|---|---|---|---|---|---|---|
| Main Library | Main Library | Filipiniana Section | 05/12/2023 | FIL 344.5990414 D350s 2007 | 009294 | 05/12/2023 | 1-4 | 05/12/2023 | Books | ||||||
| Main Library | Main Library | Filipiniana Section | 05/12/2023 | FIL 344.5990414 D350s 2007 | 009352 | 05/12/2023 | 2-4 | 05/12/2023 | Books | ||||||
| Main Library | Main Library | Filipiniana Section | 05/12/2023 | FIL 344.5990414 D350s 2007 | 009613 | 05/12/2023 | 3-4 | 05/12/2023 | Books | ||||||
| Main Library | Main Library | Filipiniana Section | 05/12/2023 | 1 | FIL 344.5990414 D350s 2007 | 009832 | 10/09/2025 | 4-4 | 05/12/2023 | Books | 10/02/2025 |